|
|
|
|
| LEADER |
00923nam a2200265 a 4500 |
| 001 |
AAL2873 |
| 003 |
BD-DhAAL |
| 005 |
20160210174034.0 |
| 008 |
150202s1995 nju b 000 0 eng |
| 010 |
|
|
|a 94006817
|
| 020 |
|
|
|a 0130592552
|
| 040 |
|
|
|a DLC
|c DLC
|d DLC
|d BD-DhAAL
|
| 050 |
0 |
0 |
|a H97
|b .P83 1995
|
| 082 |
0 |
0 |
|a 320/.6
|2 20
|
| 245 |
0 |
0 |
|a Public policy :
|b the essential readings /
|c [edited by] Stella Z. Theodoulou, Matthew A. Cahn.
|
| 260 |
|
|
|a Englewood Cliffs, N.J. :
|b Prentice Hall,
|c c1995.
|
| 300 |
|
|
|a xii, 402 p. ;
|c 23 cm.
|
| 504 |
|
|
|a Includes bibliographical references.
|
| 541 |
|
|
|e 2873
|
| 650 |
|
0 |
|a Policy sciences.
|9 7782
|
| 700 |
1 |
|
|a Theodoulou, Stella Z.
|9 7813
|
| 700 |
1 |
|
|a Cahn, Matthew Alan,
|d 1961-
|9 7814
|
| 942 |
|
|
|2 ddc
|c BK
|
| 999 |
|
|
|c 33553
|d 33553
|
| 952 |
|
|
|0 0
|1 0
|2 ddc
|4 0
|6 320_600000000000000_PUB
|7 0
|9 52416
|a SCL
|b SCL
|c GEN
|d 2015-02-02
|l 0
|o 320.6 PUB
|p 3020002873
|r 2015-02-02
|t 1
|w 2015-02-02
|y BK
|